Handbook for environmental planning: the social consequences of environmental change

Uloženo v:
Podrobná bibliografie
Hlavní autoři: McEvoy, James (autor), Dietz, Thomas (Autor)
Médium: Kniha
Jazyk:angličtina
Vydáno: Nueva York John Wiley 1977
Témata:
Tagy: Přidat tag
Žádné tagy, Buďte první, kdo vytvoří štítek k tomuto záznamu!

MARC

LEADER 00000nam a2200000 a 4500
001 UCV6039
003 CL-VaPUC
008 890821e19770000US |||||||||||||||||eng|d
082 0 4 |a 304  |b MCE  |2 21 
100 |a McEvoy, James  |e autor  |9 300269 
700 0 |a Dietz, Thomas  |e author  |9 300270 
245 1 0 |a Handbook for environmental planning: the social consequences of environmental change 
300 |a 323 p 
942 |c BK 
945 |d 19890821 00:00:00 
260 |a Nueva York  |b John Wiley  |c 1977 
650 0 |a Política ambiental  |9 262970 
650 7 |a HOMBRE INFLUENCIA DEL MEDIO  |2 CL-VaPUC  |9 262971 
650 7 |a IMPACTO AMBIENTAL INFORMES  |2 CL-VaPUC  |9 262972 
583 |a last modification  |c 19890821 00:00:00  |k Rodrigo Vera 
999 |c 212295  |d 212293 
952 |0 0  |1 0  |4 0  |6 304_000000000000000_MCE_1977  |7 0  |8 P  |9 192978  |a BIBMEC  |b BIBMEC  |d 2019-11-14  |i 2606224  |o 304 MCE 1977  |p 2606224  |r 2019-11-14  |w 2019-11-14  |y BK  |k MEC 
952 |0 0  |1 0  |4 0  |6 304_000000000000000_MCE_1977  |7 0  |8 A  |9 192980  |a BIBING  |b BIBING  |d 2019-11-14  |i 2606267  |o 304 MCE 1977  |p 2606267  |r 2025-01-20  |w 2019-11-14  |y BK  |k EIB 
952 |0 0  |1 0  |4 0  |6 304_000000000000000_MCE_1977  |7 0  |8 A  |9 192981  |a BIBING  |b BIBING  |d 2019-11-14  |i 1640658  |o 304 MCE 1977  |p 1640658  |r 2025-01-20  |w 2019-11-14  |y BK  |k ING